| 000 | 01059pam a2200301 a 4500 | ||
|---|---|---|---|
| 001 | 2203 | ||
| 005 | 20250827092050.0 | ||
| 020 | _a0590871757 | ||
| 020 | _a0590871765 | ||
| 040 |
_aDLC _cDLC _dDLC _beng |
||
| 050 | 0 | 0 |
_aQL668.E24 _bC685 1999 |
| 082 | 0 | 0 |
_a597.8/7 _221 |
| 100 | 1 | _aCowley, Joy | |
| 245 | 1 | 0 |
_aRed-eyed tree frog / _cstory by Joy Cowley ; illustrated with photographs by Nic Bishop. |
| 250 | _aFirst Scholastic paperback printing, March 2000 | ||
| 260 |
_aNew York : _bScholastic, _c1999 |
||
| 300 |
_a30 unnumbered pages : _billustrations _c21 x 26 cm. |
||
| 505 | _aH | ||
| 520 | _aThis frog found in the rain forest of Central America spends the night searching for food while also being careful not to become dinner for some other animal. | ||
| 521 |
_a490 _bLexile |
||
| 521 |
_aH _bRaz-Plus |
||
| 650 | 0 |
_aHylidae _zCentral America _xJuvenile literature. |
|
| 650 | 1 | _aTree frogs. | |
| 650 | 1 | _aFrogs. | |
| 700 | 1 |
_aBishop, Nic _d1955- _eillustrator |
|
| 906 |
_a7 _bcbc _corignew _d1 _eocip _f19 _gy-gencatlg |
||
| 942 |
_2ddc _cBK _n0 |
||
| 999 |
_c2203 _d2203 |
||